000 00441nam a2200181Ia 4500
008 220204s9999 xx 000 0 und d
082 _a577.1
_bPRI
100 _aPRITHAM, Gordon H
245 0 _aAnderson's essentials of biochemistry
260 _aSaint Louis
_bC V Mosby
_c1968
650 _aAmino acid
650 _aCarbohydrate
650 _aEnzyme
650 _aLipid
650 _aNucleic acid
650 _aProtein
942 _cBK
999 _c21155
_d21155